San Ángel (Record no. 8682)

MARC details
000 -CABECERA
campo de control de longitud fija 00825nam a2200229 a 4500
001 - NÚMERO DE CONTROL
campo de control BRCA_9031
005 - FECHA Y HORA DE LA ÚLTIMA TRANSACCIÓN
campo de control 20190320210511.0
008 - DATOS DE LONGITUD FIJA--INFORMACIÓN GENERAL
campo de control de longitud fija 020817s2012----mx-a######---#000-0#spa-#
041 ## - CÓDIGO DE LENGUA
Código de lengua del texto/banda sonora o título independiente spa
044 ## - CÓDIGO DEL PAÍS DE LA ENTIDAD EDITORA/PRODUCTORA
Código MARC del país mx
050 #4 - SIGNATURA TOPOGRÁFICA DE LA BIBLIOTECA DEL CONGRESO
Número de clasificación F1391
Número de documento/Ítem .S26 2012
245 10 - MENCIÓN DE TÍTULO
Título San Ángel
Resto del título morada de artistas
Mención de responsabilidad, etc. fotografía Pedro Hiriat, Alejandro Vélez, Agustín Estrada.
260 ## - PUBLICACIÓN, DISTRIBUCIÓN, ETC.
Lugar de publicación, distribución, etc. México
Nombre del editor, distribuidor, etc. Centro Cultural Isidro Fabela
Fecha de publicación, distribución, etc. 2012
300 ## - DESCRIPCIÓN FÍSICA
Extensión 1 v. (sin paginación)
Otras características físicas il. a color
Dimensiones 29 cm.
500 ## - NOTA GENERAL
Nota general Incluye catálogo de obra
651 #4 - PUNTO DE ACCESO ADICIONAL DE MATERIA--NOMBRE GEOGRÁFICO
Nombre geográfico Alvaro Obregón (Distrito Federal, México)
Subdivisión de forma Trabajos Ilustrados
9 (RLIN) 22393
651 #4 - PUNTO DE ACCESO ADICIONAL DE MATERIA--NOMBRE GEOGRÁFICO
Nombre geográfico México (Ciudad)
Subdivisión general Vida social y costumbres
Subdivisión geográfica San Ángel
9 (RLIN) 22394
700 1# - PUNTO DE ACCESO ADICIONAL--NOMBRE DE PERSONA
Nombre de persona Hiriat, Pedro
Término indicativo de función/relación il.
9 (RLIN) 22395
700 1# - PUNTO DE ACCESO ADICIONAL--NOMBRE DE PERSONA
Nombre de persona Vélez, Alejandro
Término indicativo de función/relación il.
9 (RLIN) 22396
700 1# - PUNTO DE ACCESO ADICIONAL--NOMBRE DE PERSONA
Nombre de persona Estrada, Agustín
Término indicativo de función/relación il.
9 (RLIN) 22397
942 ## - ELEMENTOS DE PUNTO DE ACCESO ADICIONAL (KOHA)
Fuente del sistema de clasificación o colocación Library of Congress Classification
Tipo de ítem Koha Libros
Holdings
Estado de retiro Estado de pérdida Estado dañado No para préstamo Localización permanente Ubicación/localización actual Fecha de adquisición Total de préstamos Signatura topográfica completa Código de barras Fecha visto por última vez Precio válido a partir de Tipo de ítem Koha
El ejemplar forma parte de la colección y puede ser consultado según las políticas vigentes.       Biblioteca del Museo Franz Mayer (Rogerio Casas-Alatriste) Biblioteca del Museo Franz Mayer (Rogerio Casas-Alatriste) 02/08/2017   F1391 .S26 2012 02957 22/03/2019 22/03/2019 Libros